| 000 | 00824nam a2200253 i 4500 | ||
|---|---|---|---|
| 001 | bg | ||
| 003 | BPK | ||
| 005 | 20221130101310.0 | ||
| 008 | 980505s1998 pl f |000 0 pol | ||
| 020 | _a8385487697 | ||
| 040 | _cBPK | ||
| 080 | _a331.108.4 | ||
| 080 | _a331.108.5 | ||
| 100 | 1 |
_aOleksyn, Tadeusz _d(1945- ) _eAutor |
|
| 245 | 1 | 0 |
_aSystemy ocen, rozwoju zawodowego i awansów / _cTadeusz Oleksyn. |
| 260 |
_aWarszawa : _bMiędzynarodowa Szkoła Menedżerów, _c1998. |
||
| 300 |
_a93 s. ; _c23 cm. |
||
| 504 | _aBibliogr. | ||
| 650 | 4 |
_aZarządzanie zasobami ludzkimi (HRM) _xpolityka. |
|
| 650 | 4 | _aAwans zawodowy | |
| 650 | 4 |
_aOcena pracowników _xmetody |
|
| 856 |
_uhttp://koha.tu.koszalin.pl/cgi-bin/koha/opac-detail.pl?biblionumber=40329 _yKatalog online BPK |
||
| 942 |
_cKS _2UKD |
||
| 999 |
_c40329 _d40329 |
||